000 00724nam a22002417a 4500
003 DO-SdBNP
005 20230215090128.0
007 ta
008 150112s20152016dr a 000 0 spa d
020 _a9789945892581
040 _aDO-SdBNP
_bspa
_cBNPHU
082 _axxxxxxx
_bS498m
_222
100 1 _aSeverino, Quenia
_972807
245 1 0 _aMar de la nada /
_cQuenia Severino ; imagenes Alexis Peña
250 _a2a. ed.
260 _aSanto Domingo :
_bLetra erguida,
_c2016.
300 _a71 p. :
_bil. ;
_c22 cm.
500 _aIncluye datos biográficos de la autora en la solapa de la cubierta
590 _aInventariado, 2022/ YL
700 1 2 _aPeña, Alexis
_eil.
_95700
910 _aYLockward
942 _2ddc
_cLBS1
999 _c51937
_d51937